140 great arts and crafts from everyday materials for kids / (Record no. 143740)
[ view plain ]
| 000 -LEADER | |
|---|---|
| fixed length control field | 00549nam a22001817a 4500 |
| 005 - DATE AND TIME OF LATEST TRANSACTION | |
| control field | 20170824114958.0 |
| 010 ## - LCCN (DPL NO) | |
| LC control number | ENG-120059 |
| 020 ## - INTERNATIONAL STANDARD BOOK NUMBER | |
| Terms of availability | 600.00 |
| International Standard Book Number | 9789380203041 |
| 035 ## - SYSTEM CONTROL NUMBER | |
| System control number | EN-103591 |
| 037 ## - SOURCE OF ACQUISITION | |
| Source of stock number/acquisition | DBAD/PUB |
| 082 ## - DEWEY DECIMAL CLASSIFICATION NUMBER | |
| Classification number | 745.5 |
| 100 ## - MAIN ENTRY--PERSONAL NAME | |
| Personal name | Suryavanshi,Rahul |
| 245 ## - TITLE STATEMENT | |
| Title | 140 great arts and crafts from everyday materials for kids / |
| Statement of responsibility, etc | by Rahul Suryavanshi |
| 260 ## - PUBLICATION, DISTRIBUTION, ETC. (IMPRINT) | |
| Place of publication, distribution, etc | Delhi |
| Name of publisher, distributor, etc | Saroj Books |
| Date of publication, distribution, etc | 2015 |
| 270 ## - ADDRESS | |
| Address | L-5/45,Kartar Nagar |
| City | Delhi |
| Postal code | 110053 |
| 300 ## - PHYSICAL DESCRIPTION | |
| Extent | 199p. : |
| Dimensions | 23cm(Hb) |
| Other physical details | ill. |
| 942 ## - ADDED ENTRY ELEMENTS (KOHA) | |
| Source of classification or shelving scheme | Dewey Decimal Classification |
| Item type | English Books |
| Classification part | 745.5 |
| Call number suffix | SUR |
| Withdrawn status | Lost status | Not for loan | Collection code | Home library | Current library | Date acquired | Source of acquisition | Cost, normal purchase price | Full call number | Barcode | Copy number | Cost, replacement price | Koha item type |
|---|---|---|---|---|---|---|---|---|---|---|---|---|---|
| Non-fiction | Katevara | Katevara | 24/08/2017 | DBAD/PUB | 600.00 | 745.5 SUR | EN-103591 | 1 | 600.00 | English Books |
